000
00280nam a22001337a 4500
008
171031b xxu||||| |||| 00| 0 eng d
020
_a
886219026
041
_a
eng
080
_a
330.113
100
_a
58
101
_a
BUS
245
_a
BUSINESS LAW
_c
CLARKSON
942
_2
udc
_c
BK
999
_c
36719
_d
36719